| 000 | 00939nam a22002177a 4500 | ||
|---|---|---|---|
| 003 | URS | ||
| 005 | 20220613144139.0 | ||
| 008 | 220613b ||||| |||| 00| 0 eng d | ||
| 100 |
_91753 _aDometita, Lennylyn N. _eauthor |
||
| 245 |
_aSavings and investment practices of financial management graduates of University of Rizal System Binangonan academic year 2018-2019 _cLennylyn N. Dometita, Jonnila N. Quintan, Rosalinda N. Samiling |
||
| 300 |
_axii, 55 leaves _c28 cm. |
||
| 336 |
_2rdacontent _atext |
||
| 337 |
_2rdamedia _aunmediated |
||
| 338 |
_2rdacarrier _avolume |
||
| 502 |
_aThesis _bBachelor of Science in Business Administration Major in Financial Management _cUniversity of Rizal System, Binangonan _d2021 |
||
| 504 | _aIncludes bibliographical references. | ||
| 700 |
_91754 _aQuintan, Jonnila N. _eauthor |
||
| 700 |
_91755 _aSamiling, Rosalinda N. _eauthor |
||
| 700 |
_91713 _aEvelyn V. Diaz, MM _eadviser |
||
| 942 |
_2lcc _cT |
||
| 999 |
_c58241 _d58241 |
||